ნორმალური ფორმატი
MARC ფორმატი
ჩანაწერი Corporate Name
ჩანაწერთა რაოდენობა, რომელიც გამოყენებულია: 1
001 - CONTROL NUMBER
- control field: 10838
003 - CONTROL NUMBER IDENTIFIER
- control field: GE_BSU
005 - DATE AND TIME OF LATEST TRANSACTION
- control field: 20210330123926.0
008 - FIXED-LENGTH DATA ELEMENTS
- fixed length control field: 210330|| aca||aabn | a|a d
040 ## - CATALOGING SOURCE
- Original cataloging agency: GE_BSU
- Transcribing agency: GE_BSU
110 ## - HEADING--CORPORATE NAME
- Corporate name or jurisdiction name as entry element: ბათუმის შოთა რუსთაველის სახ-ფო უნ-ტი
- Subordinate unit: ჰუმანიტარულ მეცნიერებათა ფაკულტეტი
670 ## - SOURCE DATA FOUND
- Source citation: Work cat.: (GE_BSU)55443: კუკულაძე, გუგული 10837, საქართველო გზად : სტალინიზმის ჩრდილების პარლამენტის როლი ქვეყნის ტერიტორიული მთლიანობის შენარჩუნებისთვის ბრძოლის პროცესში 1918-1920 წწ. (სამხრეთ-დასავლეთ საქართველო) /
